Las grutas de Ajanta.
Guardado en:
| Formato: | |
|---|---|
| Series: | Patrimonio Mundial
|
| Materias: | |
| Etiquetas: |
Agregar Etiqueta
Sin Etiquetas, Sea el primero en etiquetar este registro!
|
| LEADER | 00849ngm a22002655g 4500 | ||
|---|---|---|---|
| 001 | CEM.cems021417 | ||
| 008 | 130507b1992##################0###0#####d | ||
| 005 | 20240822180301.0 | ||
| 245 | 0 | 0 | |a Las grutas de Ajanta. |
| 300 | |a 15 | ||
| 490 | 0 | |a Patrimonio Mundial | |
| 500 | |a En soporte VHS, consultar en ventanilla. | ||
| 505 | 0 | |a Ubicación. Sus tesoros: el monasterio budista, sus pinturas, esculturas de todas las épocas del Budismo. | |
| 538 | |a Soporte: VHS - Norma: Pal N - Color - Grabación Drd 1992 - Hitachi=2100 | ||
| 082 | 7 | 0 | |/ PAT |
| 653 | |a ARTE | ||
| 653 | |a GEOGRAFIA | ||
| 653 | |a RELIGION | ||
| 653 | |a GRUTAS | ||
| 653 | |a AJANTA | ||
| 653 | |a BUDISMO | ||
| 653 | |a MONASTERIO BUDISTA | ||
| 653 | |a ESCULTURA BUDISTA | ||
| 653 | |a NIVEL SECUNDARIO | ||
| 859 | |a CEMS |b BIB. CEMS - Depto. Recursos Didacticos |h 700 |i PAT |k DRD |p 60.12 |t Ej.1 | ||
